[Event "Summer Prague Open 2019 - B"]
[Site "Olympik hotel, Sokolovska 138,"]
[Date "2019.08.07"]
[Round "7"]
[White "Atnilov, Boris"]
[Black "Stern, Philipp"]
[Result "1-0"]
[WhiteElo "2053"]
[BlackElo "1853"]
[PlyCount "39"]
[EventDate "2019.08.02"]

1. e4 c5 2. Nf3 g6 3. d4 cxd4 4. Nxd4 Nc6 5. Nc3 Bg7 6. Be3 Nf6 7. Bc4 Qa5 8.
Nxc6 bxc6 9. O-O Qb4 10. Bb3 Nxe4 11. Nxe4 Qxe4 12. Re1 Qf5 13. Bd4 e5 14. Bc5
d5 15. Bxd5 cxd5 16. Qxd5 Rb8 17. Rad1 Bf6 18. Qc6+ Bd7 19. Rxd7 Qxd7 20. Qxf6
1-0

[Event "Summer Prague Open 2019 - B"]
[Site "Olympik hotel, Sokolovska 138,"]
[Date "2019.08.07"]
[Round "7"]
[White "Korenek, Frantisek"]
[Black "Kastner, Oldrich"]
[Result "1/2-1/2"]
[WhiteElo "1956"]
[BlackElo "2033"]
[PlyCount "33"]
[EventDate "2019.08.02"]

1. d4 Nf6 2. Nf3 d5 3. c4 e6 4. e3 Be7 5. Nc3 O-O 6. Bd3 dxc4 7. Bxc4 c5 8. O-O
Nc6 9. a3 a6 10. dxc5 Bxc5 11. b4 Be7 12. Bb2 b5 13. Bb3 Bb7 14. Qxd8 Rfxd8 15.
Rfd1 Ng4 16. h3 Nge5 17. Nxe5 1/2-1/2

[Event "Summer Prague Open 2019 - B"]
[Site "Olympik hotel, Sokolovska 138,"]
[Date "2019.08.07"]
[Round "7"]
[White "Grabarczyk, Sylwester"]
[Black "Soural, Karel"]
[Result "0-1"]
[WhiteElo "1784"]
[BlackElo "1923"]
[PlyCount "58"]
[EventDate "2019.08.02"]

1. e4 e5 2. Nf3 Nc6 3. d4 exd4 4. Bc4 Nf6 5. O-O Be7 6. e5 Ne4 7. Bd5 Nc5 8.
Nxd4 Nxe5 9. Re1 d6 10. f4 Ng6 11. Qf3 O-O 12. b4 Bf6 13. c3 Na4 14. Bd2 c6 15.
Bb3 Nb6 16. Na3 Qc7 17. Rad1 Bd7 18. Bc1 Rae8 19. Nac2 c5 20. Ne3 cxd4 21. cxd4
Nh4 22. Qh5 g6 23. Qe2 Nf5 24. Qf2 Nxe3 25. Bxe3 d5 26. f5 Nc4 27. Bf4 Rxe1+
28. Rxe1 Qb6 29. fxg6 fxg6 0-1

[Event "Summer Prague Open 2019 - B"]
[Site "Olympik hotel, Sokolovska 138,"]
[Date "2019.08.07"]
[Round "7"]
[White "Vora, Tanish"]
[Black "Jaeger, Andre"]
[Result "1-0"]
[WhiteElo "1799"]
[BlackElo "1897"]
[PlyCount "87"]
[EventDate "2019.08.02"]

1. e4 c5 2. Nf3 Nc6 3. d4 cxd4 4. Nxd4 Nf6 5. Nc3 e5 6. Ndb5 d6 7. Nd5 Nxd5 8.
exd5 Nb8 9. c4 Be7 10. Bd3 a6 11. Nc3 O-O 12. O-O f5 13. f3 Bg5 14. Kh1 Nd7 15.
b4 a5 16. a3 axb4 17. Bxg5 Qxg5 18. axb4 Rxa1 19. Qxa1 Qe3 20. Be2 e4 21. Qc1
Qb6 22. Nb5 h6 23. fxe4 fxe4 24. Rxf8+ Nxf8 25. c5 dxc5 26. bxc5 Qf6 27. Nd6
Qf2 28. Bf1 Bf5 29. Nxb7 e3 30. Nd6 Bg4 31. Ne4 Qf4 32. Ng3 h5 33. Qc4 Qf2 34.
c6 Qe1 35. d6+ Kh7 36. Qe4+ Ng6 37. d7 e2 38. Nxe2 Qxf1+ 39. Ng1 Qd1 40. Qe8
Nf4 41. d8=Q Nh3 42. Qe4+ Kh6 43. Qh8+ Kg5 44. Qxg7+ 1-0

[Event "Summer Prague Open 2019 - B"]
[Site "Olympik hotel, Sokolovska 138,"]
[Date "2019.08.07"]
[Round "7"]
[White "Klimek, Petr"]
[Black "Lang, Anders"]
[Result "1/2-1/2"]
[WhiteElo "1852"]
[BlackElo "1790"]
[PlyCount "80"]
[EventDate "2019.08.02"]

1. e4 e5 2. Nf3 Nc6 3. Bc4 Bc5 4. b4 Bxb4 5. c3 Bc5 6. d4 exd4 7. Qb3 Qe7 8.
O-O Na5 9. Qa4 Nxc4 10. Qxc4 d6 11. cxd4 Bb6 12. e5 Be6 13. d5 Bf5 14. exd6
Qxd6 15. Re1+ Kd8 16. Ba3 Qf6 17. Nc3 h5 18. d6 c6 19. Rad1 Be6 20. Qd3 Nh6 21.
d7 Ng4 22. Ne4 Qf5 23. Qd6 Bxd7 24. Ng3 Bxf2+ 25. Kh1 Bxg3 26. Qe7+ Kc7 27. Nd4
Nf2+ 28. Kg1 Nh3+ 29. Kh1 Nf2+ 30. Kg1 Bxh2+ 31. Kxh2 Qf4+ 32. Kg1 Nxd1 33.
Rxd1 Rae8 34. Ne6+ fxe6 35. Rxd7+ Kc8 36. Qxg7 Qe3+ 37. Kh1 Qe1+ 38. Kh2 Qh4+
39. Kg1 Qe1+ 40. Kh2 Qh4+ 1/2-1/2

[Event "Summer Prague Open 2019 - B"]
[Site "Olympik hotel, Sokolovska 138,"]
[Date "2019.08.07"]
[Round "7"]
[White "Kubik, Jaroslav"]
[Black "Svetly, Jiri"]
[Result "1/2-1/2"]
[WhiteElo "1706"]
[BlackElo "1871"]
[PlyCount "139"]
[EventDate "2019.08.02"]

1. c4 Nf6 2. Nc3 e5 3. Nf3 Nc6 4. d3 h6 5. g3 Bc5 6. a3 d6 7. Bg2 a5 8. Bd2 O-O
9. O-O Bg4 10. h3 Bf5 11. e4 Be6 12. Rb1 Qd7 13. Kh2 g5 14. Nd5 Bxd5 15. cxd5
Nd4 16. Nxd4 Bxd4 17. Be3 Ba7 18. Qd2 Nh7 19. Bxa7 Rxa7 20. f4 f6 21. fxg5 hxg5
22. Qe2 c5 23. Bf3 b5 24. Bg4 Qe8 25. Bh5 Qc8 26. Rf5 Rg7 27. Rbf1 c4 28. Bg4
cxd3 29. Qxd3 Qc4 30. Qxc4 bxc4 31. Rc1 Rb7 32. Rf2 Rfb8 33. Rcc2 Rb3 34. Rxc4
Rxb2 35. Rxb2 Rxb2+ 36. Kg1 Nf8 37. Ra4 Rb5 38. Bf5 Kf7 39. Kf2 Ke7 40. Kf3 Nd7
41. Bxd7 Kxd7 42. Kg4 Rc5 43. Kf5 Rc3 44. Rxa5 Rxg3 45. Ra7+ Kc8 46. Kxf6 Rxh3
47. Kxg5 Rf3 48. Ra4 Kd7 49. Ra7+ Kc8 50. a4 Rf4 51. a5 Rxe4 52. Kf5 Ra4 53.
Ke6 Kb8 54. Ra6 Kb7 55. Rb6+ Kc7 56. Rc6+ Kb7 57. Kxd6 Rxa5 58. Kxe5 Ra1 59.
Kd6 Rh1 60. Rc7+ Kb8 61. Re7 Rd1 62. Re8+ Kb7 63. Re7+ Kc8 64. Rc7+ Kd8 65. Rh7
Kc8 66. Rh8+ Kb7 67. Ke6 Kc7 68. Rh7+ Kd8 69. Kd6 Kc8 70. Rh4 1/2-1/2

[Event "Summer Prague Open 2019 - B"]
[Site "Olympik hotel, Sokolovska 138,"]
[Date "2019.08.07"]
[Round "7"]
[White "Guggenheim, Hans"]
[Black "Vora, Yash"]
[Result "1-0"]
[WhiteElo "1847"]
[BlackElo "1731"]
[PlyCount "29"]
[EventDate "2019.08.02"]

1. d4 Nf6 2. c4 g6 3. Nc3 d5 4. cxd5 Nxd5 5. e4 Nxc3 6. bxc3 Bg7 7. Nf3 c5 8.
Rb1 O-O 9. Be2 cxd4 10. cxd4 Qa5+ 11. Bd2 Qxa2 12. Qc1 b6 13. Bc4 Qa4 14. Bd5
Ba6 15. Bxa8 1-0

[Event "Summer Prague Open 2019 - B"]
[Site "Olympik hotel, Sokolovska 138,"]
[Date "2019.08.07"]
[Round "7"]
[White "Aure, Anders Nilsson"]
[Black "Mars, Fiona"]
[Result "1/2-1/2"]
[WhiteElo "1742"]
[BlackElo "1842"]
[PlyCount "72"]
[EventDate "2019.08.02"]

1. c4 e5 2. Nc3 Nc6 3. g3 f5 4. Bg2 Nf6 5. e3 g6 6. Nge2 Bg7 7. O-O O-O 8. d4
d6 9. b3 Ne7 10. Bb2 c6 11. dxe5 dxe5 12. Qxd8 Rxd8 13. Rfd1 Be6 14. e4 Nxe4
15. Nxe4 fxe4 16. Bxe4 Nf5 17. Kg2 Nd4 18. Nxd4 exd4 19. Rd2 Rd7 20. c5 Bd5 21.
Bxd5+ Rxd5 22. Rad1 Rad8 23. f4 b6 24. b4 bxc5 25. bxc5 Rxc5 26. Bxd4 Bxd4 27.
Rxd4 Rxd4 28. Rxd4 Rc2+ 29. Kf3 Rxa2 30. Rd7 a5 31. Rc7 Rxh2 32. Rxc6 Kf7 33.
Ra6 Ra2 34. Ra7+ Ke6 35. Rxh7 a4 36. Ra7 Ra1 1/2-1/2

[Event "Summer Prague Open 2019 - B"]
[Site "Olympik hotel, Sokolovska 138,"]
[Date "2019.08.07"]
[Round "7"]
[White "Angelovic, Adrian"]
[Black "Kosar, Milan"]
[Result "1-0"]
[WhiteElo "1841"]
[BlackElo "1562"]
[PlyCount "55"]
[EventDate "2019.08.02"]

1. c4 c5 2. Nc3 Nf6 3. g3 d5 4. cxd5 Nxd5 5. Bg2 Nc7 6. Qb3 Nc6 7. Nf3 e5 8.
O-O Be7 9. d3 O-O 10. Bd2 Rb8 11. Rfc1 Bg4 12. Qd1 Qd7 13. Ne4 b6 14. b4 cxb4
15. Qc2 Bc5 16. Nxc5 bxc5 17. Qxc5 Rb6 18. Bxb4 Rxb4 19. Qxc6 Qxc6 20. Rxc6 Ne6
21. e3 f6 22. Rac1 Ra4 23. h3 Bxf3 24. Bxf3 Ng5 25. Bd5+ Nf7 26. Bb3 Ra5 27.
Rc7 g5 28. Rb7 1-0

[Event "Summer Prague Open 2019 - B"]
[Site "Olympik hotel, Sokolovska 138,"]
[Date "2019.08.07"]
[Round "7"]
[White "Dharani, Srinivas K B"]
[Black "Westendorp, Christian"]
[Result "0-1"]
[WhiteElo "1690"]
[BlackElo "1774"]
[PlyCount "50"]
[EventDate "2019.08.02"]

1. e4 g6 2. d4 d6 3. Nc3 Bg7 4. h3 Nf6 5. Be3 O-O 6. Qd2 e5 7. O-O-O exd4 8.
Bxd4 Re8 9. f3 c6 10. Kb1 Be6 11. Bxf6 Bxf6 12. f4 Nd7 13. g4 Nc5 14. Nge2 Bc4
15. Qxd6 Nxe4 16. Qb4 Bd5 17. Nxe4 Rxe4 18. Qa3 Qb6 19. Nc3 Bxc3 20. Qxc3 Re3
21. Qf6 Bxh1 22. f5 Rae8 23. Qh4 Qd4 24. Kc1 Qe5 25. Bc4 Bd5 0-1

[Event "Summer Prague Open 2019 - A"]
[Site "Olympik hotel, Sokolovska 138,"]
[Date "2019.08.08"]
[Round "8"]
[White "Domogaev, Sergey"]
[Black "Koustav, Chatterjee"]
[Result "0-1"]
[WhiteElo "2336"]
[BlackElo "2429"]
[PlyCount "52"]
[EventDate "2019.08.02"]

1. c4 Nf6 2. Nc3 e6 3. e4 d5 4. e5 d4 5. exf6 dxc3 6. bxc3 Qxf6 7. d4 e5 8. Nf3
Nc6 9. Bg5 Qg6 10. d5 Nb8 11. h4 h6 12. h5 Qd6 13. Be3 Nd7 14. Bd3 Be7 15. Nd2
Nc5 16. Bc2 f5 17. g4 O-O 18. gxf5 Bxf5 19. Rg1 e4 20. Nf1 Nd3+ 21. Bxd3 exd3
22. Qd2 Kh8 23. O-O-O Bf6 24. Bd4 Bh7 25. Bxf6 Rxf6 26. Ne3 Raf8 0-1

[Event "Summer Prague Open 2019 - A"]
[Site "Olympik hotel, Sokolovska 138,"]
[Date "2019.08.08"]
[Round "8"]
[White "Plischki, Sebastian"]
[Black "Slampa, Jan"]
[Result "1-0"]
[WhiteElo "2391"]
[BlackElo "2245"]
[PlyCount "57"]
[EventDate "2019.08.02"]

1. d4 d5 2. c4 c6 3. cxd5 cxd5 4. Bf4 Nf6 5. e3 Nc6 6. Nc3 e6 7. Bd3 Be7 8. h3
O-O 9. Nf3 a6 10. O-O b5 11. a4 b4 12. Nb1 Bb7 13. Nbd2 Na5 14. Qe2 Qb6 15. Ne5
Rfc8 16. Bg5 Qd8 17. Rfc1 h6 18. Bh4 Nd7 19. Nxd7 Qxd7 20. Bxe7 Qxe7 21. Qf1
Qd7 22. Rxc8+ Qxc8 23. Rc1 Qd7 24. Rc5 Qxa4 25. Qc1 Nb3 26. Nxb3 Qxb3 27. Bc2
Qa2 28. Rc7 g6 29. Bb1 1-0

[Event "Summer Prague Open 2019 - A"]
[Site "Olympik hotel, Sokolovska 138,"]
[Date "2019.08.08"]
[Round "8"]
[White "Abrahams, Daniel"]
[Black "Kulhanek, Tomas"]
[Result "0-1"]
[WhiteElo "2173"]
[BlackElo "2342"]
[PlyCount "78"]
[EventDate "2019.08.02"]

1. Nf3 Nf6 2. b3 d5 3. Bb2 Bg4 4. e3 c5 5. Bb5+ Nc6 6. O-O e6 7. d3 Qc7 8. Nbd2
Be7 9. c4 O-O 10. cxd5 exd5 11. Bxc6 Qxc6 12. Ne5 Qe6 13. Nxg4 Nxg4 14. Nf3 b5
15. Qd2 a5 16. e4 dxe4 17. dxe4 a4 18. Rab1 Rfd8 19. Qe2 b4 20. Rfc1 axb3 21.
axb3 Ra2 22. h3 Nf6 23. Ng5 Qa6 24. Qxa6 Rxa6 25. e5 Nd5 26. Ne4 Nf4 27. Rd1
Nd3 28. Rd2 Nxb2 29. Rbxb2 Rxd2 30. Rxd2 f5 31. exf6 gxf6 32. Rd7 Re6 33. f3 f5
34. Ng3 c4 35. bxc4 b3 36. Rb7 Bc5+ 37. Kf1 Rb6 38. Rxb6 Bxb6 39. Ne2 Ba5 0-1

[Event "Summer Prague Open 2019 - A"]
[Site "Olympik hotel, Sokolovska 138,"]
[Date "2019.08.08"]
[Round "8"]
[White "Adrian, Claude"]
[Black "Ahn, Hongjin"]
[Result "0-1"]
[WhiteElo "2258"]
[BlackElo "2238"]
[PlyCount "36"]
[EventDate "2019.08.02"]

1. Nf3 d5 2. c4 e6 3. g3 Nf6 4. Bg2 Be7 5. d4 O-O 6. O-O dxc4 7. Na3 Bxa3 8.
bxa3 Bd7 9. Ne5 Bc6 10. Nxc6 Nxc6 11. Rb1 Rb8 12. e3 Nd5 13. Qc2 b5 14. Rd1 f5
15. f3 Qf6 16. e4 fxe4 17. fxe4 Nxd4 18. Qd2 Nc3 0-1

[Event "Summer Prague Open 2019 - A"]
[Site "Olympik hotel, Sokolovska 138,"]
[Date "2019.08.08"]
[Round "8"]
[White "Doric, Nenad"]
[Black "Singh, S. Vikramjit"]
[Result "0-1"]
[WhiteElo "2275"]
[BlackElo "2185"]
[PlyCount "69"]
[EventDate "2019.08.02"]

1. e4 c5 2. Nf3 d6 3. d4 cxd4 4. Nxd4 Nf6 5. Nc3 Nc6 6. Bg5 e6 7. Qd2 a6 8.
O-O-O Bd7 9. f4 b5 10. Bxf6 gxf6 11. Kb1 Qb6 12. Nxc6 Bxc6 13. f5 b4 14. Ne2 e5
15. Ng3 h5 16. h4 Qc5 17. Qe2 Ke7 18. Nxh5 Bb5 19. Qg4 Bh6 20. Qf3 Rhc8 21. Bd3
Ba4 22. Qe2 Be8 23. g4 a5 24. Qg2 Be3 25. g5 a4 26. Nxf6 Bc6 27. Nd5+ Bxd5 28.
f6+ Kd8 29. exd5 a3 30. g6 axb2 31. gxf7 Kc7 32. Qg4 Bd4 33. Ba6 Rxa6 34. Rxd4
Kb6 35. Qxc8 0-1

[Event "Summer Prague Open 2019 - A"]
[Site "Olympik hotel, Sokolovska 138,"]
[Date "2019.08.08"]
[Round "8"]
[White "Jansen, Bob"]
[Black "Mikes, Jan"]
[Result "1-0"]
[WhiteElo "2148"]
[BlackElo "2386"]
[PlyCount "47"]
[EventDate "2019.08.02"]

1. d4 d5 2. e4 dxe4 3. Nc3 Nf6 4. f3 exf3 5. Nxf3 Bg4 6. h3 Bh5 7. g4 Bg6 8.
Ne5 e6 9. Qf3 c6 10. g5 Bh5 11. Qf2 Nfd7 12. Be2 Bg6 13. Nxg6 hxg6 14. Rf1 Qb6
15. Qxf7+ Kd8 16. Bd2 c5 17. dxc5 Bxc5 18. Na4 Qc7 19. O-O-O Bd6 20. Nc3 a6 21.
Qxe6 Re8 22. Qxg6 Nc6 23. Nd5 Qb8 24. Bh5 1-0

[Event "Summer Prague Open 2019 - A"]
[Site "Olympik hotel, Sokolovska 138,"]
[Date "2019.08.08"]
[Round "8"]
[White "Vavra, Pavel"]
[Black "Jinsoo, Kim"]
[Result "1-0"]
[WhiteElo "2347"]
[BlackElo "2112"]
[PlyCount "103"]
[EventDate "2019.08.02"]

1. e3 Nf6 2. b3 e6 3. Bb2 Be7 4. f4 d5 5. Nf3 c5 6. g3 Nc6 7. Bg2 O-O 8. O-O b6
9. Qe2 Nb4 10. d3 Ba6 11. Ne5 Rc8 12. c4 Nd7 13. a3 Nc6 14. Nxc6 Rxc6 15. b4
Rd6 16. b5 Bb7 17. e4 dxe4 18. dxe4 Nb8 19. Be5 Rd7 20. Bc3 Rd3 21. Ra2 Qd7 22.
Qb2 Bf6 23. e5 Be7 24. Nd2 Bxg2 25. Kxg2 Rd8 26. Re1 Qb7+ 27. Ne4 Nd7 28. Kh3
Nf8 29. Qe2 Ng6 30. Rf1 Qd7 31. a4 f5 32. exf6 e5+ 33. f5 Bxf6 34. Qg4 Rxc3 35.
Nxc3 Ne7 36. Ne4 Rf8 37. Rd2 Qc7 38. Rd6 Kh8 39. Re6 Qd7 40. Nxf6 gxf6 41. Qe4
Qc7 42. Rf3 Ng8 43. Rd3 Qf7 44. Qh4 Qg7 45. Red6 Nh6 46. Rd7 Rf7 47. Rd8+ Ng8
48. R3d6 e4 49. Re6 Rd7 50. Rxg8+ Qxg8 51. Qxf6+ Rg7 52. Qe5 1-0

[Event "Summer Prague Open 2019 - A"]
[Site "Olympik hotel, Sokolovska 138,"]
[Date "2019.08.08"]
[Round "8"]
[White "Hjelmas, Lars"]
[Black "Ptacnikova, Lenka"]
[Result "1-0"]
[WhiteElo "2240"]
[BlackElo "2089"]
[PlyCount "61"]
[EventDate "2019.08.02"]

1. d4 Nf6 2. c4 e6 3. Nc3 Bb4 4. e3 O-O 5. Bd3 d6 6. Nge2 e5 7. O-O c6 8. a3
Ba5 9. b4 Bc7 10. d5 cxd5 11. cxd5 a5 12. Rb1 axb4 13. axb4 Nbd7 14. Ng3 Nb6
15. e4 h6 16. h3 Bd7 17. Bd2 Qe8 18. Qe2 Nc8 19. Ra1 Rb8 20. Bb5 Bb6 21. Nf5
Qd8 22. Bxd7 Qxd7 23. Nb5 Kh7 24. Ra3 Rg8 25. Kh1 Nxd5 26. Rd1 Nde7 27. Qh5
Nxf5 28. exf5 Qxb5 29. Rg3 Qe8 30. f6 g5 31. Bxg5 1-0

[Event "Summer Prague Open 2019 - A"]
[Site "Olympik hotel, Sokolovska 138,"]
[Date "2019.08.08"]
[Round "8"]
[White "Yakimenko, Alexander A"]
[Black "Toman, Ondrej"]
[Result "0-1"]
[WhiteElo "2100"]
[BlackElo "2235"]
[PlyCount "80"]
[EventDate "2019.08.02"]

1. e4 e6 2. d4 d5 3. Nc3 Bb4 4. e5 c5 5. a3 Bxc3+ 6. bxc3 Ne7 7. Nf3 Nbc6 8. a4
Qa5 9. Qd2 cxd4 10. cxd4 Qxd2+ 11. Kxd2 Nf5 12. Bb2 h5 13. a5 Bd7 14. Bc3 Rc8
15. Bd3 Rc7 16. g3 a6 17. h3 Na7 18. g4 Ne7 19. Bb4 Bb5 20. Nh4 Bxd3 21. Kxd3
Rc4 22. Bc5 Nb5 23. Nf3 Rc3+ 24. Ke2 Rxc2+ 25. Nd2 Nc6 26. Kd1 Rc3 27. g5 Nbxd4
28. Bxd4 Nxd4 29. Rb1 Nb5 30. Rb3 Kd7 31. Rxc3 Nxc3+ 32. Kc2 Rc8 33. Kd3 Nb5
34. g6 Rc3+ 35. Ke2 Nd4+ 36. Kd1 fxg6 37. Rg1 Ra3 38. Nb1 Ra1 39. Rxg6 Rxb1+
40. Kd2 Nf5 0-1

[Event "Summer Prague Open 2019 - A"]
[Site "Olympik hotel, Sokolovska 138,"]
[Date "2019.08.08"]
[Round "8"]
[White "Lacina, Filip"]
[Black "Brejnik, Gustav"]
[Result "0-1"]
[WhiteElo "2012"]
[BlackElo "2190"]
[PlyCount "84"]
[EventDate "2019.08.02"]

1. d4 c6 2. e4 d5 3. e5 Bf5 4. h4 Qc7 5. Bd3 Bxd3 6. Qxd3 e6 7. Nd2 c5 8. dxc5
Qxe5+ 9. Ne2 Bxc5 10. c3 Nf6 11. Nf3 Qe4 12. Qb5+ Nbd7 13. Qxb7 Rb8 14. Qa6 O-O
15. b4 Bb6 16. O-O Rfc8 17. Bf4 e5 18. Bg3 Rc6 19. Qa4 Rbc8 20. Rae1 Qf5 21.
Qb3 Rc4 22. a4 a5 23. Nd2 R4c6 24. Nf3 Rc4 25. Nd2 R4c7 26. Nf3 h6 27. Rd1 Rc4
28. Nd2 R4c6 29. Nf3 axb4 30. cxb4 Rc2 31. Rfe1 Ne4 32. Qxd5 Nxg3 33. Nxg3
Bxf2+ 34. Kf1 Bxg3 35. Qxd7 Rf2+ 36. Kg1 Qxd7 37. Rxd7 Rxf3 38. gxf3 Bxe1 39.
Rb7 Rc4 40. a5 Bxb4 41. a6 Bc5+ 42. Kf1 Ra4 0-1

[Event "Summer Prague Open 2019 - A"]
[Site "Olympik hotel, Sokolovska 138,"]
[Date "2019.08.08"]
[Round "8"]
[White "Breivik, Lars"]
[Black "Paulus, Vaclav"]
[Result "0-1"]
[WhiteElo "2158"]
[BlackElo "1963"]
[PlyCount "52"]
[EventDate "2019.08.02"]

1. c4 g6 2. g3 Bg7 3. Bg2 Nf6 4. Nc3 c6 5. e4 d6 6. Nge2 e5 7. d4 Nbd7 8. O-O
O-O 9. d5 Ne8 10. b4 a5 11. dxc6 bxc6 12. b5 Bb7 13. Ba3 c5 14. Qd3 f5 15. Rad1
f4 16. f3 Rf6 17. Bh3 g5 18. Bf5 Rxf5 19. exf5 e4 20. Nxe4 Ne5 21. Qc2 Qe7 22.
N2c3 Nxc4 23. Qb3 Qf7 24. Nxg5 a4 25. Qc2 Nxa3 26. Qc1 Qc4 0-1

[Event "Summer Prague Open 2019 - A"]
[Site "Olympik hotel, Sokolovska 138,"]
[Date "2019.08.08"]
[Round "8"]
[White "Neuman, Petr"]
[Black "Beukes, Dante M"]
[Result "1-0"]
[WhiteElo "2392"]
[BlackElo "2130"]
[PlyCount "83"]
[EventDate "2019.08.02"]

1. d4 Nf6 2. c4 g6 3. Nc3 Bg7 4. e4 d6 5. f3 O-O 6. Be3 c5 7. Nge2 cxd4 8. Nxd4
Nc6 9. Qd2 Bd7 10. Be2 Nxd4 11. Bxd4 Bc6 12. O-O a5 13. b3 Nd7 14. Bf2 Nc5 15.
Rab1 Be5 16. Bd1 e6 17. Bc2 Qe7 18. a3 Rac8 19. Rfd1 Qf6 20. Ne2 Qe7 21. b4
axb4 22. axb4 Na4 23. f4 Bg7 24. Qxd6 Qxd6 25. Rxd6 Nb2 26. c5 Nc4 27. e5 Nxd6
28. exd6 Bb5 29. Nd4 Bxd4 30. Bxd4 Rfd8 31. Be4 Bc6 32. Bd3 Kf8 33. b5 Bd5 34.
c6 bxc6 35. b6 Rb8 36. Bc5 Rd7 37. Ra1 Rbb7 38. Ra7 Rb8 39. Ba6 Rxa7 40. bxa7
Ra8 41. Kf2 Rxa7 42. Bxa7 1-0

[Event "Summer Prague Open 2019 - B"]
[Site "Olympik hotel, Sokolovska 138,"]
[Date "2019.08.08"]
[Round "8"]
[White "Soural, Karel"]
[Black "Atnilov, Boris"]
[Result "1/2-1/2"]
[WhiteElo "1923"]
[BlackElo "2053"]
[PlyCount "89"]
[EventDate "2019.08.02"]

1. e4 e6 2. d4 d5 3. exd5 exd5 4. Nf3 Bd6 5. Bd3 Nf6 6. O-O O-O 7. Re1 Bg4 8.
Nbd2 Nbd7 9. h3 Bh5 10. Nf1 c5 11. c3 Qb6 12. dxc5 Nxc5 13. Bc2 Nce4 14. Ne3
Rad8 15. g4 Bg6 16. Nd4 Bb8 17. Ng2 Rfe8 18. Ba4 Rf8 19. f4 h5 20. f5 hxg4 21.
hxg4 Bg3 22. Rf1 Bh7 23. Bb3 Rfe8 24. Qf3 Qd6 25. Bf4 Bxf4 26. Qxf4 Qxf4 27.
Rxf4 Ng5 28. Kh2 Re4 29. Raf1 Nxg4+ 30. Kg3 Nf6 31. Rh1 Re5 32. Rfh4 Nge4+ 33.
Kf4 Re7 34. Ne3 Nf2 35. R1h2 Rxe3 36. Kxe3 N2g4+ 37. Kf4 Nxh2 38. Rxh2 g6 39.
Re2 Kh8 40. Kg5 Kg7 41. Re7 Ne4+ 42. Kf4 g5+ 43. Ke3 Kf6 44. Rxb7 Nd6 45. Rxa7
1/2-1/2

[Event "Summer Prague Open 2019 - B"]
[Site "Olympik hotel, Sokolovska 138,"]
[Date "2019.08.08"]
[Round "8"]
[White "Vora, Tanish"]
[Black "Korenek, Frantisek"]
[Result "1-0"]
[WhiteElo "1799"]
[BlackElo "1956"]
[Annotator "Stanice"]
[PlyCount "71"]
[EventDate "2019.08.02"]

1. e4 c5 2. Nf3 a6 3. d4 cxd4 4. Nxd4 Nf6 5. Nc3 e5 6. Nf5 d5 7. Ng3 d4 8. Nb1
Nc6 9. Be2 Bb4+ 10. Bd2 Bxd2+ 11. Qxd2 O-O 12. O-O Qb6 13. Qc1 Be6 14. Nd2 Rac8
15. Bc4 Nb4 16. Bxe6 Qxe6 17. c3 Rfd8 18. c4 d3 19. b3 h5 20. Qc3 Nc6 21. Rfd1
Rd4 22. Nf3 Nxe4 23. Nxd4 Nxc3 24. Nxe6 Nxd1 25. Rxd1 fxe6 26. Rxd3 g6 27. Ne4
Rd8 28. Rxd8+ Nxd8 29. Nc5 Kf7 30. f3 Ke7 31. Kf2 a5 32. Ke3 Kd6 33. Nd3 Nc6
34. Ke4 b6 35. h4 Nb4 36. Nxb4 1-0

[Event "Summer Prague Open 2019 - B"]
[Site "Olympik hotel, Sokolovska 138,"]
[Date "2019.08.08"]
[Round "8"]
[White "Kastner, Oldrich"]
[Black "Lang, Anders"]
[Result "1-0"]
[WhiteElo "2033"]
[BlackElo "1790"]
[PlyCount "93"]
[EventDate "2019.08.02"]

1. e4 e5 2. Nf3 Nc6 3. c3 Nf6 4. Qa4 d6 5. d4 Nxe4 6. Bd3 f5 7. O-O Bd7 8. Qc2
Nf6 9. dxe5 Nxe5 10. Nxe5 dxe5 11. Bxf5 Bxf5 12. Qxf5 Bd6 13. Bg5 Qd7 14. Qxd7+
Nxd7 15. Nd2 h6 16. Be3 O-O-O 17. Rad1 Bc5 18. Rfe1 Rhe8 19. Nf1 Bb6 20. Re2
Nf6 21. Rde1 e4 22. Bxb6 axb6 23. Ng3 e3 24. Rxe3 Rxe3 25. Rxe3 Rd1+ 26. Nf1
Ng4 27. Re8+ Kd7 28. Rg8 Nxh2 29. Rxg7+ Kc6 30. Kxh2 Rxf1 31. Kg3 Rb1 32. b3
Rb2 33. Rg6+ Kb5 34. f4 Rxa2 35. f5 Ra3 36. f6 Rxb3 37. f7 Rxc3+ 38. Kh2 Rc6
39. Rxc6 bxc6 40. f8=Q c5 41. Qxh6 c4 42. g4 c5 43. g5 c3 44. g6 Kb4 45. g7 b5
46. g8=Q c4 47. Qc1 1-0

[Event "Summer Prague Open 2019 - B"]
[Site "Olympik hotel, Sokolovska 138,"]
[Date "2019.08.08"]
[Round "8"]
[White "Stern, Philipp"]
[Black "Lee, Zhia Chen Zachary"]
[Result "1/2-1/2"]
[WhiteElo "1853"]
[BlackElo "1747"]
[PlyCount "104"]
[EventDate "2019.08.02"]

1. e4 c6 2. d4 d5 3. Nd2 dxe4 4. Nxe4 Bf5 5. Ng3 Bg6 6. h4 h6 7. Nf3 Nd7 8. h5
Bh7 9. Bd3 Bxd3 10. Qxd3 e6 11. Bf4 Qa5+ 12. Bd2 Bb4 13. c3 Be7 14. O-O Ngf6
15. b4 Qc7 16. Nh2 O-O 17. f4 a5 18. a3 axb4 19. axb4 Rxa1 20. Rxa1 Bd6 21. Qf3
Nd5 22. Ne2 b6 23. Ng4 f5 24. Ne5 c5 25. bxc5 bxc5 26. c4 Bxe5 27. dxe5 N5b6
28. Ba5 Rb8 29. Nc3 Qb7 30. Qxb7 Rxb7 31. Bxb6 Rxb6 32. Nb5 Rb8 33. Ra7 Nb6 34.
Nd6 Nc8 35. Rc7 Nxd6 36. exd6 Rd8 37. Rxc5 Rxd6 38. Rc7 Rd4 39. g3 e5 40. fxe5
Re4 41. Kf2 Rxe5 42. c5 Kf8 43. c6 Re6 44. Kf3 g5 45. hxg6 Rxg6 46. Kf4 Ke8 47.
Kxf5 Rxg3 48. Rc8+ Ke7 49. Rh8 Kd6 50. Rxh6+ Kc7 51. Ke5 Rg1 52. Kd5 Rd1+
1/2-1/2

[Event "Summer Prague Open 2019 - B"]
[Site "Olympik hotel, Sokolovska 138,"]
[Date "2019.08.08"]
[Round "8"]
[White "Bruna, Matous"]
[Black "Guggenheim, Hans"]
[Result "0-1"]
[WhiteElo "1640"]
[BlackElo "1847"]
[PlyCount "42"]
[EventDate "2019.08.02"]

1. e4 c5 2. Nc3 g6 3. f4 Nc6 4. Nf3 Bg7 5. Bb5 Nd4 6. Bc4 e6 7. O-O Ne7 8. d3
O-O 9. a4 d6 10. Ne2 d5 11. exd5 exd5 12. Ba2 Nxf3+ 13. Rxf3 Bg4 14. Rf1 Nf5
15. c3 Re8 16. Re1 Qd7 17. h3 Bxe2 18. Rxe2 Rxe2 19. Qxe2 Re8 20. Qf2 d4 21. g4
dxc3 0-1

[Event "Summer Prague Open 2019 - B"]
[Site "Olympik hotel, Sokolovska 138,"]
[Date "2019.08.08"]
[Round "8"]
[White "Westendorp, Christian"]
[Black "Angelovic, Adrian"]
[Result "1/2-1/2"]
[WhiteElo "1774"]
[BlackElo "1841"]
[PlyCount "70"]
[EventDate "2019.08.02"]

1. d4 d5 2. c4 c6 3. Nc3 Nf6 4. cxd5 cxd5 5. Nf3 Nc6 6. e3 a6 7. Be2 g6 8. O-O
Bg7 9. a3 O-O 10. b4 Ne4 11. Nxe4 dxe4 12. Nd2 e5 13. d5 Qxd5 14. Bc4 Qd8 15.
Nxe4 Qh4 16. f3 Rd8 17. Qb3 Qe7 18. Bb2 Bf5 19. Ng3 Rac8 20. Nxf5 gxf5 21. Rad1
Rxd1 22. Rxd1 f4 23. exf4 exf4 24. Bxg7 Kxg7 25. Bd5 Ne5 26. Kf1 Qc7 27. Qb2 f6
28. Qd4 Nc4 29. Bxc4 Qxc4+ 30. Qxc4 Rxc4 31. Rd7+ Kg6 32. Rxb7 Rc3 33. a4 Ra3
34. a5 Ra1+ 35. Ke2 Ra2+ 1/2-1/2

[Event "Summer Prague Open 2019 - B"]
[Site "Olympik hotel, Sokolovska 138,"]
[Date "2019.08.08"]
[Round "8"]
[White "Shehzad, Alisha"]
[Black "Jaeger, Andre"]
[Result "1/2-1/2"]
[WhiteElo "1716"]
[BlackElo "1897"]
[PlyCount "74"]
[EventDate "2019.08.02"]

1. e4 c5 2. Nf3 Nc6 3. Bb5 Nf6 4. e5 Nd5 5. Nc3 Nc7 6. Bxc6 dxc6 7. d3 Bg4 8.
O-O e6 9. Re1 Be7 10. Be3 Nd5 11. Nxd5 cxd5 12. d4 c4 13. h3 Bh5 14. Qd2 Bxf3
15. gxf3 h6 16. f4 g5 17. Kh2 Qc7 18. Rg1 O-O-O 19. fxg5 hxg5 20. Bxg5 f6 21.
Bf4 Rh7 22. exf6 Bd6 23. Bxd6 Qxd6+ 24. f4 Rdh8 25. Rg3 Rh4 26. Rf1 Qf8 27.
Rfg1 Qxf6 28. Rg8+ Kd7 29. R1g7+ Kc6 30. Rxh8 Rxh8 31. Rg4 Qf5 32. Qg2 b5 33.
a3 a5 34. c3 Rf8 35. Qe2 Rf6 36. Qg2 Rh6 37. Qe2 Qh7 1/2-1/2